[Event "Scarborough CC Jack Frost U1700"]
[Site "Toronto CAN"]
[Date "2010.01.14"]
[Round "2"]
[White "Yie, Kevin"]
[Black "Karpik, Steve"]
[Result "0-1"]
[WhiteElo "1068"]
[BlackElo "1510"]
[PlyCount "120"]
[EventDate "2010.01.07"]
[EventType "swiss"]
[EventRounds "6"]
[EventCountry "CAN"]

1. e4 d6 2. d4 Nf6 3. Nc3 g6 4. f4 Bg7 5. Nf3 O-O 6. Be2 c6 7. e5 dxe5 8. fxe5
Nd5 9. Nxd5 cxd5 10. O-O Nc6 11. Be3 Bf5 12. c3 Qb6 13. Qd2 a6 14. Nh4 Be4 15.
Nf3 Rac8 16. Ng5 Bf5 17. Nf3 Na5 18. Nh4 Be4 19. Bf3 Nc4 20. Qc1 Bxf3 21. Nxf3
Rc7 22. b3 Nxe3 23. Qxe3 Rfc8 24. Rfc1 Qa5 25. b4 Qa3 26. e6 f6 27. Nd2 Rxc3
28. Rxc3 Rxc3 29. Qf4 Rc1+ 30. Rxc1 Qxc1+ 31. Kf2 Qc8 32. Qe3 f5 33. g3 Qc2 34.
Ke2 Qc6 35. a3 Qb6 36. Qf4 Qxe6+ 37. Kf2 Qc8 38. Qe3 Kf7 39. Kg2 h6 40. Qf3 e6
41. Qd3 Bf6 42. Nb3 b6 43. h4 h5 44. Kh3 e5 45. dxe5 Bxe5 46. Qxd5+ Kf6 47. a4
f4+ 48. Kg2 Qc2+ 49. Kh3 Qf5+ 50. Kg2 Qc2+ 51. Kh3 fxg3 52. Qd8+ Kf7 53. Qd7+
Kg8 54. Qe8+ Kh7 55. Qf7+ Bg7 56. Kxg3 Qc3+ 57. Kf4 Qxb4+ 58. Kg5 Qe4 59. Qf5
Qe7+ 60. Qf6 Qxf6# 0-1

[Event "Scarborough CC Jack Frost U1700"]
[Site "Toronto CAN"]
[Date "2010.01.21"]
[Round "3"]
[White "Al Ganabi, Yasir"]
[Black "Walker, John"]
[Result "0-1"]
[WhiteElo "1316"]
[BlackElo "1459"]
[PlyCount "86"]
[EventDate "2010.01.07"]
[EventType "swiss"]
[EventRounds "6"]
[EventCountry "CAN"]

1. e4 d6 2. Nf3 Nf6 3. Nc3 e5 4. Bc4 h6 5. d3 Nbd7 6. Nd5 c6 7. Nxf6+ Nxf6 8.
O-O Be7 9. Nh4 Nxe4 10. dxe4 Bxh4 11. Qf3 Bf6 12. Rd1 O-O 13. b3 b5 14. Be2 Be6
15. Ba3 Be7 16. Qc3 Rc8 17. Qb4 a5 18. Qe1 b4 19. Bb2 Qc7 20. c3 d5 21. exd5
cxd5 22. cxb4 Bxb4 23. Rac1 Bxe1 24. Rxc7 Bxf2+ 25. Kxf2 Rxc7 26. Bxe5 Rc2 27.
a4 Bg4 28. Rxd5 Rxe2+ 29. Kg3 Be6 30. Rxa5 Bxb3 31. Bd6 Rd8 32. Ra7 Rxd6 33.
Ra8+ Kh7 34. a5 Bd5 35. Rf8 Rxg2+ 36. Kh3 Ra2 37. Kg4 Rxa5 38. h4 Be6+ 39. Kf4
Rd4+ 40. Kg3 Ra3+ 41. Kf2 Rd2+ 42. Ke1 Rh2 43. Rd8 Ra1+ 0-1

[Event "Scarborough CC Jack Frost U1700"]
[Site "Toronto CAN"]
[Date "2010.01.21"]
[Round "3"]
[White "Graham, John"]
[Black "Veecock, Carl"]
[Result "1-0"]
[WhiteElo "1438"]
[BlackElo "1544"]
[PlyCount "67"]
[EventDate "2010.01.07"]
[EventType "swiss"]
[EventRounds "6"]
[EventCountry "CAN"]

1. c4 c6 2. Nf3 e6 3. d4 d5 4. c5 b6 5. b4 bxc5 6. bxc5 Nf6 7. Nc3 Nbd7 8. Qa4
Bb7 9. Rb1 Rb8 10. e3 Qc7 11. Bd3 Be7 12. O-O O-O 13. Bd2 e5 14. Bf5 exd4 15.
exd4 Ba8 16. Rfe1 Rxb1 17. Nxb1 Bd8 18. g3 Re8 19. Rxe8+ Nxe8 20. Bf4 Qb7 21.
Nc3 g6 22. Bh3 Ng7 23. Nxd5 Nxc5 24. dxc5 cxd5 25. Nd4 Bf6 26. c6 Qb1+ 27. Bf1
Bxd4 28. c7 Bxf2+ 29. Kxf2 Qb2+ 30. Be2 Qb6+ 31. Kf1 Qb1+ 32. Qd1 Qb7 33. Qxd5
Qc8 34. Qd8+ 1-0

[Event "Scarborough CC Jack Frost U1700"]
[Site "Toronto CAN"]
[Date "2010.01.21"]
[Round "3"]
[White "Karpik, Steve"]
[Black "Al Ganabi, Zaidun"]
[Result "0-1"]
[WhiteElo "1510"]
[BlackElo "1420"]
[PlyCount "94"]
[EventDate "2010.01.07"]
[EventType "swiss"]
[EventRounds "6"]
[EventCountry "CAN"]

1. Nf3 d5 2. c4 e6 3. g3 Nf6 4. Bg2 Bd6 5. O-O O-O 6. cxd5 exd5 7. Nc3 Re8 8.
e3 c6 9. d4 Bg4 10. Qb3 Qb6 11. Qxb6 axb6 12. a3 Nbd7 13. Bd2 h6 14. b4 Ra7 15.
Ra2 Rea8 16. Rfa1 Ne4 17. Be1 Nxc3 18. Bxc3 Nf6 19. Nd2 Bf5 20. h3 Re8 21. Re1
Ne4 22. Nxe4 Bxe4 23. Bxe4 Rxe4 24. a4 h5 25. Rb1 g5 26. b5 Bc7 27. Bb4 cxb5
28. a5 bxa5 29. Bc3 Re6 30. Rxb5 Rd6 31. Bb4 Rd7 32. Ra1 b6 33. Ba3 Kg7 34. Rc1
Bd8 35. Rc6 Rab7 36. Bd6 Bc7 37. Bxc7 Rdxc7 38. Rxc7 Rxc7 39. Rxb6 Rc1+ 40. Kg2
a4 41. Rb2 Ra1 42. Kf3 a3 43. Rc2 a2 44. e4 dxe4+ 45. Ke2 Re1+ 46. Kxe1 a1=Q+
47. Kd2 Qxd4+ 0-1

[Event "Scarborough CC Jack Frost U1700"]
[Site "Toronto CAN"]
[Date "2010.01.21"]
[Round "3"]
[White "Rogers, Michael"]
[Black "Vyravanathan, Sobiga"]
[Result "1-0"]
[WhiteElo "1450"]
[BlackElo "1116"]
[PlyCount "145"]
[EventDate "2010.01.07"]
[EventType "swiss"]
[EventRounds "6"]
[EventCountry "CAN"]

1. e4 e5 2. Nf3 Nc6 3. Bc4 Bc5 4. O-O Nf6 5. d4 Nxd4 6. Nxe5 O-O 7. Be3 Ne6 8.
Bxe6 Bxe3 9. Bxf7+ Rxf7 10. Nxf7 Kxf7 11. fxe3 Kg8 12. e5 Ne4 13. Qd5+ Kh8 14.
Qxe4 d5 15. Qxd5 Qxd5 16. Rf8+ Qg8 17. Rxg8+ Kxg8 18. Nc3 c6 19. Rd1 Bg4 20.
Rd6 Re8 21. h3 Be6 22. Kf2 Rf8+ 23. Ke1 Bc4 24. b3 Rf1+ 25. Kd2 Rf2+ 26. Kc1
Bf1 27. Ne4 Re2 28. e6 Kf8 29. Ng5 h6 30. Rd8+ Ke7 31. Rd7+ Ke8 32. Ne4 Rxe3
33. Nd6+ Kf8 34. Rf7+ Kg8 35. e7 Re1+ 36. Kb2 g6 37. Rf8+ Kg7 38. e8=Q Rxe8 39.
Rxe8 Bxg2 40. Re7+ Kf6 41. Rxb7 Bxh3 42. Rxa7 g5 43. Ra6 Bg2 44. b4 h5 45. Ra5
h4 46. Nf5 Kg6 47. Ne7+ Kf6 48. Nf5 Be4 49. Nxh4 gxh4 50. Rh5 Ke6 51. Rxh4 Bg2
52. a4 Bf1 53. c4 Kd6 54. Kc3 Kc7 55. Rh7+ Kb6 56. a5+ Ka6 57. Kd4 Be2 58. Rf7
Bd1 59. Kc5 Ba4 60. Rc7 Bd1 61. Rxc6+ Kb7 62. a6+ Ka7 63. b5 Bf3 64. Rc7+ Kb8
65. b6 Bg2 66. a7+ Ka8 67. Kd6 Bf3 68. c5 Be4 69. c6 Bf3 70. Re7 Bxc6 71. Kc7
Bb7 72. Re8+ Bc8 73. Rxc8# 1-0

[Event "Scarborough CC Jack Frost U1700"]
[Site "Toronto CAN"]
[Date "2010.01.21"]
[Round "3"]
[White "Smith, Maurice"]
[Black "Dattani, Dinesh"]
[Result "1-0"]
[WhiteElo "1647"]
[BlackElo "1407"]
[PlyCount "33"]
[EventDate "2010.01.07"]
[EventType "swiss"]
[EventRounds "6"]
[EventCountry "CAN"]

1. d4 Nf6 2. c4 e6 3. Nf3 d5 4. Bg5 Nbd7 5. Nc3 c6 6. e3 Be7 7. Bd3 dxc4 8.
Bxc4 b5 9. Bd3 O-O 10. O-O Bb7 11. Rc1 a6 12. Qe2 c5 13. dxc5 Nxc5 14. Bb1 b4
15. Bxf6 Bxf6 16. Qc2 bxc3 17. Qxh7# 1-0

[Event "Scarborough CC Jack Frost U1700"]
[Site "Toronto CAN"]
[Date "2010.01.21"]
[Round "3"]
[White "Super, Russell"]
[Black "Yie, Kevin"]
[Result "1/2-1/2"]
[WhiteElo "1474"]
[BlackElo "1068"]
[PlyCount "77"]
[EventDate "2010.01.07"]
[EventType "swiss"]
[EventRounds "6"]
[EventCountry "CAN"]

1. e4 e5 2. Nf3 Nc6 3. Bb5 a6 4. Ba4 d6 5. O-O Nf6 6. Re1 Be7 7. c3 Bd7 8. d4
O-O 9. h3 Re8 10. Nbd2 Bf8 11. Nf1 exd4 12. cxd4 Rxe4 13. Rxe4 Nxe4 14. Bc2 Nf6
15. Bg5 h6 16. Bh4 Kh8 17. Qd3 Nb4 18. Qc4 Nxc2 19. Qxc2 Bc6 20. N1d2 Qd7 21.
Re1 Be7 22. Qd3 Re8 23. b3 Ng8 24. Re3 Bxh4 25. Nxh4 Bb5 26. Qc3 Rxe3 27. Qxe3
Qe7 28. Qxe7 Nxe7 29. f4 g6 30. Kf2 Kg7 31. Ke3 Nd5+ 32. Kf3 Nc3 33. a4 Bc6+
34. Ke3 Nd5+ 35. Kf3 Nc3+ 36. Ke3 g5 37. fxg5 hxg5 38. Nhf3 Bxf3 39. Kxf3
1/2-1/2

[Event "Scarborough CC Jack Frost U1700"]
[Site "Toronto CAN"]
[Date "2010.01.28"]
[Round "4"]
[White "Dattani, Dinesh"]
[Black "Wang, Jason"]
[Result "0-1"]
[WhiteElo "1407"]
[BlackElo "1080"]
[PlyCount "45"]
[EventDate "2010.01.07"]
[EventType "swiss"]
[EventRounds "6"]
[EventCountry "CAN"]

1. e4 c5 2. Nf3 e6 3. d4 cxd4 4. Nxd4 Nf6 5. Be2 Nxe4 6. O-O Nf6 7. Be3 Nc6 8.
Nb5 d5 9. Bf4 e5 10. Bg3 a6 11. N5c3 d4 12. Bf3 dxc3 13. Nxc3 Qxd1 14. Raxd1
Bd7 15. Rfe1 Be7 16. Bxe5 Nxe5 17. Rxe5 Rb8 18. Rde1 Be6 19. Nd5 Bd6 20. Rxe6+
fxe6 21. Rxe6+ Kd7 22. Re3 Nxd5 23. Bxd5 0-1

[Event "Scarborough CC Jack Frost U1700"]
[Site "Toronto CAN"]
[Date "2010.01.28"]
[Round "4"]
[White "Farrant, David"]
[Black "Rogers, Michael"]
[Result "0-1"]
[WhiteElo "1456"]
[BlackElo "1450"]
[PlyCount "81"]
[EventDate "2010.01.07"]
[EventType "swiss"]
[EventRounds "6"]
[EventCountry "CAN"]

1. e4 e5 2. Nf3 Nc6 3. d4 exd4 4. Nxd4 Nge7 5. Bb5 Nxd4 6. Qxd4 a6 7. Ba4 b5 8.
Bb3 Bb7 9. Nc3 Nc6 10. Bxf7+ Kxf7 11. Qd5+ Ke8 12. Qh5+ g6 13. Qg4 Nd4 14. Qd1
Bc5 15. O-O Qh4 16. Be3 Qf6 17. Kh1 d6 18. Qd2 Kd7 19. Rad1 Nf3 20. Qe2 Nd4 21.
Qd3 Ne6 22. Bxc5 Nxc5 23. Qe3 Rae8 24. Qxc5 Bxe4 25. Nxe4 Rxe4 26. f3 Rc4 27.
Qa3 Rxc2 28. Qxa6 Qxb2 29. Rb1 Qc3 30. Qxb5+ Qc6 31. Qd3 Rxa2 32. Qb3 Re2 33.
Rbc1 Qb6 34. Qa4+ c6 35. Qg4+ Kc7 36. Qc4 Rhe8 37. h3 c5 38. Rb1 Qa5 39. Qf7+
R8e7 40. Qf4 Qd2 41. Rbd1 0-1

[Event "Scarborough CC Jack Frost U1700"]
[Site "Toronto CAN"]
[Date "2010.01.28"]
[Round "4"]
[White "Muir, Tom"]
[Black "Al Ganabi, Yasir"]
[Result "1/2-1/2"]
[WhiteElo "1584"]
[BlackElo "1316"]
[PlyCount "82"]
[EventDate "2010.01.07"]
[EventType "swiss"]
[EventRounds "6"]
[EventCountry "CAN"]

1. e4 e5 2. Nf3 Nc6 3. Bb5 d6 4. Nc3 a6 5. Ba4 Nf6 6. d3 Bd7 7. Bg5 Be7 8. O-O
O-O 9. a3 Nd4 10. Bxd7 Qxd7 11. Bxf6 Bxf6 12. Nd5 Bd8 13. c3 Nxf3+ 14. Qxf3 c6
15. Ne3 Re8 16. Rad1 b5 17. b4 a5 18. Ra1 Bb6 19. Kh1 Ra7 20. Qd1 Rea8 21. Nc2
Qc7 22. Qd2 axb4 23. axb4 Rxa1 24. Rxa1 Ra7 25. Rxa7 Bxa7 26. Kg1 c5 27. Kf1
Qb7 28. Ke2 Qb6 29. f3 cxb4 30. cxb4 Qg1 31. Ne3 Bxe3 32. Qxe3 Qxg2+ 33. Qf2
Qxf2+ 34. Kxf2 g5 35. Ke3 f6 36. d4 Kg7 37. d5 Kg6 38. Kf2 f5 39. Kg3 h5 40. h3
f4+ 41. Kg2 h4 1/2-1/2

[Event "Scarborough CC Jack Frost U1700"]
[Site "Toronto CAN"]
[Date "2010.01.28"]
[Round "4"]
[White "Pishdad, Hassan"]
[Black "Al Ganabi, Zaidun"]
[Result "0-1"]
[WhiteElo "1442"]
[BlackElo "1420"]
[PlyCount "80"]
[EventDate "2010.01.07"]
[EventType "swiss"]
[EventRounds "6"]
[EventCountry "CAN"]

1. e4 e5 2. Nf3 Nc6 3. Bb5 Nf6 4. d3 Bb4+ 5. Bd2 Bxd2+ 6. Nbxd2 d6 7. Bxc6+
bxc6 8. c3 O-O 9. O-O Re8 10. Qc2 c5 11. b3 Ba6 12. c4 Qd7 13. Rfe1 Nh5 14. h3
Nf4 15. Nf1 Bc8 16. Ng3 Qe7 17. Kh2 Qf6 18. Qd1 g5 19. Re3 Kh8 20. Ne2 Rg8 21.
g4 Qh6 22. Nfg1 Bxg4 23. Qf1 Be6 24. Rg3 g4 25. Nc3 Nxh3 26. Nxh3 gxh3 27. Nd5
Rxg3 28. fxg3 Qd2+ 29. Kh1 Qg2+ 30. Qxg2 hxg2+ 31. Kxg2 Bxd5 32. cxd5 Rf8 33.
g4 Rg8 34. Kh3 Rg5 35. Rf1 Kg7 36. Rf5 Rxf5 37. exf5 f6 38. Kg3 Kh6 39. Kf3 Kg5
40. Kg3 h5 0-1

[Event "Scarborough CC Jack Frost U1700"]
[Site "Toronto CAN"]
[Date "2010.01.28"]
[Round "4"]
[White "Teram, Eli"]
[Black "Karpik, Steve"]
[Result "1/2-1/2"]
[WhiteElo "1414"]
[BlackElo "1510"]
[PlyCount "43"]
[EventDate "2010.01.07"]
[EventType "swiss"]
[EventRounds "6"]
[EventCountry "CAN"]

1. e4 d6 2. Nf3 Nf6 3. Nc3 g6 4. Bc4 Bg7 5. Ng5 e6 6. d3 a6 7. O-O Nc6 8. Re1
b5 9. Bb3 Nd4 10. Bf4 Nxb3 11. axb3 e5 12. Bd2 Bb7 13. Na2 O-O 14. c4 c5 15. b4
Nd7 16. b3 Bc6 17. Qg4 h6 18. Nf3 Nf6 19. Qh3 Bd7 20. Qh4 Nh5 21. bxc5 Qxh4 22.
Nxh4 1/2-1/2

[Event "Scarborough CC Jack Frost U1700"]
[Site "Toronto CAN"]
[Date "2010.01.28"]
[Round "4"]
[White "Vora, Hanz"]
[Black "Smith, Maurice"]
[Result "0-1"]
[WhiteElo "1178"]
[BlackElo "1647"]
[PlyCount "70"]
[EventDate "2010.01.07"]
[EventType "swiss"]
[EventRounds "6"]
[EventCountry "CAN"]

1. e4 c5 2. Nf3 d6 3. d4 cxd4 4. Nxd4 Nf6 5. Nc3 g6 6. Be2 Bg7 7. O-O O-O 8.
Be3 Bd7 9. Qd2 Nc6 10. f4 Rc8 11. f5 Ne5 12. fxg6 hxg6 13. Bg5 Nc4 14. Bxc4
Rxc4 15. Qd3 Qc8 16. Nce2 Re8 17. b3 Rc5 18. Bxf6 Bxf6 19. Rac1 Bg4 20. Nf3 Bd7
21. c4 b5 22. cxb5 Bxb5 23. Rxc5 Qxc5+ 24. Qd4 Bxd4+ 25. Nfxd4 Bxe2 26. Re1
Qxd4+ 27. Kh1 Rc8 28. h3 Qe3 29. Kh2 Qf4+ 30. Kh1 Rc1 31. Rxc1 Qxc1+ 32. Kh2
Qd2 33. a4 Bf1 34. Kg3 g5 35. b4 Qxg2# 0-1

[Event "Scarborough CC Jack Frost U1700"]
[Site "Toronto CAN"]
[Date "2010.01.28"]
[Round "4"]
[White "Vyravanathan, Sobiga"]
[Black "Super, Russell"]
[Result "0-1"]
[WhiteElo "1116"]
[BlackElo "1474"]
[PlyCount "108"]
[EventDate "2010.01.07"]
[EventType "swiss"]
[EventRounds "6"]
[EventCountry "CAN"]

1. e4 c5 2. Nf3 Nc6 3. d4 cxd4 4. Nxd4 g6 5. Be2 Bg7 6. Be3 Nf6 7. Nc3 d6 8.
O-O O-O 9. Qd2 a6 10. Rfd1 Qc7 11. Bh6 Nxd4 12. Bxg7 Nxe2+ 13. Qxe2 Kxg7 14. h3
Be6 15. Qd3 Rac8 16. Rd2 b5 17. a3 Rfd8 18. Rad1 Qc4 19. Qf3 Rd7 20. Rd4 Qc5
21. R4d2 Qb6 22. Rd4 Rdc7 23. Rb4 a5 24. Rxb5 Qa6 25. Rg5 Rc5 26. Rg3 Qb7 27.
Rb1 Rxc3 28. bxc3 Qxb1+ 29. Kh2 Qxc2 30. Rg5 a4 31. e5 Ne4 32. Rg4 Bxg4 33.
Qxg4 Rxc3 34. exd6 exd6 35. f3 Nf6 36. Qf4 d5 37. h4 Rxa3 38. Kh3 Qf5+ 39. Qxf5
gxf5 40. Kg3 Rb3 41. Kf4 Kg6 42. g4 fxg4 43. fxg4 a3 44. g5 Ne4 45. Kg4 f5+ 46.
Kf4 a2 47. Ke5 Nxg5 48. hxg5 Kxg5 49. Kxd5 a1=Q 50. Ke6 Rb5 51. Kd7 Rb6 52. Ke7
Qf6+ 53. Ke8 Qg7 54. Kd8 Rb8# 0-1

[Event "Scarborough CC Jack Frost U1700"]
[Site "Toronto CAN"]
[Date "2010.02.04"]
[Round "5"]
[White "Liu, Jiaxin (Dora)"]
[Black "Dattani, Dinesh"]
[Result "0-1"]
[WhiteElo "1292"]
[BlackElo "1407"]
[PlyCount "120"]
[EventDate "2010.01.07"]
[EventType "swiss"]
[EventRounds "6"]
[EventCountry "CAN"]

1. e4 e5 2. Nf3 Nf6 3. Nxe5 d6 4. Nf3 Nxe4 5. Qe2 Qe7 6. d3 Nf6 7. Nc3 Nc6 8.
Bg5 Qxe2+ 9. Bxe2 Be7 10. O-O-O Be6 11. Kb1 a6 12. d4 Nd5 13. Bxe7 Nxc3+ 14.
bxc3 Nxe7 15. c4 d5 16. cxd5 Nxd5 17. Kb2 b5 18. Ne5 Rb8 19. c3 O-O 20. Bf3 b4
21. Bxd5 bxc3+ 22. Kxc3 Bxd5 23. Nd7 Bxg2 24. Nxb8 Bxh1 25. Nxa6 Bd5 26. Kd2 c6
27. Nb4 Be4 28. Re1 f5 29. Re3 Rd8 30. Kc3 Kf7 31. f3 Bd5 32. Nxd5 cxd5 33. Kd2
f4 34. Rb3 Ra8 35. a3 Kf6 36. Kc2 Kf5 37. Kb2 Re8 38. Rc3 Re3 39. a4 Re2+ 40.
Rc2 Re8 41. a5 g5 42. h3 h5 43. Kb3 g4 44. hxg4+ hxg4 45. fxg4+ Kxg4 46. Kb4 f3
47. a6 Kg3 48. Kb5 f2 49. Rc3+ Kf4 50. Rc1 Re1 51. a7 f1=Q+ 52. Kb6 Re6+ 53.
Kb7 Qb5+ 54. Kc7 Re7+ 55. Kd6 Rxa7 56. Rc2 Ra6+ 57. Kc7 Qb6+ 58. Kc8 Ra7 59.
Rc3 Qb7+ 60. Kd8 Qd7# 0-1

[Event "Scarborough CC Jack Frost U1700"]
[Site "Toronto CAN"]
[Date "2010.02.04"]
[Round "5"]
[White "Rogers, Michael"]
[Black "Pishdad, Hassan"]
[Result "1-0"]
[WhiteElo "1581"]
[BlackElo "1422"]
[PlyCount "71"]
[EventDate "2010.01.07"]
[EventType "swiss"]
[EventRounds "6"]
[EventCountry "CAN"]

1. e4 c5 2. Nf3 Nc6 3. d4 cxd4 4. Nxd4 e5 5. Nb5 d6 6. N1c3 a6 7. Na3 b5 8. Nd5
Be6 9. c3 Nf6 10. Bg5 Be7 11. Bxf6 Bxf6 12. Nxf6+ gxf6 13. Qd2 Qe7 14. Be2 Rd8
15. Qe3 Qa7 16. Qh6 Ke7 17. Nc2 Qc5 18. Ne3 Rdg8 19. g4 Rg6 20. Qh4 Rg5 21.
Nf5+ Kd7 22. O-O-O Bxf5 23. exf5 Nd4 24. Rhe1 Nxe2+ 25. Rxe2 Qc4 26. Red2 Qf4
27. Qg3 Rxg4 28. Qxf4 Rxf4 29. Rxd6+ Kc7 30. Rd7+ Kb6 31. R1d6+ Ka5 32. b4+
Rxb4 33. cxb4+ Kxb4 34. Rxa6 Rc8+ 35. Kb2 Kc5 36. Rxf6 1-0

[Event "Scarborough CC Jack Frost U1700"]
[Site "Toronto CAN"]
[Date "2010.02.04"]
[Round "5"]
[White "Smith, Maurice"]
[Black "Walker, John"]
[Result "1/2-1/2"]
[WhiteElo "1647"]
[BlackElo "1459"]
[PlyCount "97"]
[EventDate "2010.01.07"]
[EventType "swiss"]
[EventRounds "6"]
[EventCountry "CAN"]

1. d4 Nf6 2. c4 d6 3. Nc3 Nbd7 4. e4 e5 5. Nf3 Be7 6. Bd3 O-O 7. O-O Re8 8. h3
Bf8 9. Bg5 c6 10. Rc1 g6 11. a3 Bg7 12. Bb1 Qc7 13. b4 exd4 14. Nxd4 Ne5 15.
Ba2 h6 16. Bf4 Bd7 17. Re1 a6 18. Nf3 Rad8 19. Nxe5 dxe5 20. Bd2 Be6 21. Qc2
Rd4 22. c5 Bxa2 23. Qxa2 Red8 24. Be3 Rd3 25. Qc4 g5 26. Red1 Rxd1+ 27. Rxd1 g4
28. Rxd8+ Qxd8 29. Qe2 gxh3 30. gxh3 Qd7 31. Kh2 Qe6 32. Qd2 Kh7 33. Qd1 Qc4
34. Qc2 Kg8 35. f3 Qf1 36. Qd1 Qxd1 37. Nxd1 Ne8 38. Nb2 Nc7 39. Nc4 Ne6 40.
Nd6 Nd8 41. Bc1 Bf8 42. Nf5 Kh7 43. Bb2 f6 44. Ne3 Ne6 45. Nf5 Nf4 46. Kg3 Kg6
47. Nh4+ Kh5 48. Nf5 Ne6 49. Bc3 1/2-1/2

[Event "Scarborough CC Jack Frost U1700"]
[Site "Toronto CAN"]
[Date "2010.02.04"]
[Round "5"]
[White "Veecock, Carl"]
[Black "Super, Russell"]
[Result "0-1"]
[WhiteElo "1544"]
[BlackElo "1474"]
[PlyCount "120"]
[EventDate "2010.01.07"]
[EventType "swiss"]
[EventRounds "6"]
[EventCountry "CAN"]

1. Nf3 d5 2. g3 Nf6 3. Bg2 c5 4. O-O Nc6 5. c3 e6 6. d4 Qc7 7. Bf4 Bd6 8. Bxd6
Qxd6 9. Na3 a6 10. Nc2 O-O 11. dxc5 Qxc5 12. Ncd4 Bd7 13. Nxc6 Bxc6 14. Qd4
Qxd4 15. cxd4 Rac8 16. Rac1 Bb5 17. Rc3 Rxc3 18. bxc3 Rc8 19. Rc1 Ne4 20. c4
Rxc4 21. Rxc4 Bxc4 22. a3 Bxe2 23. Ne5 Nd6 24. f3 Nb5 25. Nd7 Nxa3 26. Kf2 Bb5
27. Nc5 b6 28. Nb7 Nc4 29. Bf1 Na3 30. Nd6 Bxf1 31. Kxf1 Kf8 32. Ke2 Nc4 33.
Nc8 Ke8 34. Kd3 Kd8 35. Na7 Kc7 36. Kc3 Kb7 37. Nb5 axb5 38. Kb4 Kc6 39. h4 Kd6
40. Kxb5 e5 41. dxe5+ Kxe5 42. h5 Kd4 43. Kc6 Ke3 44. Kxd5 Kd3 45. f4 Kc3 46.
Kc6 Kb4 47. g4 b5 48. f5 h6 49. Kd7 Kc5 50. Ke7 Ne5 51. f6 gxf6 52. Kxf6 Nxg4+
53. Kxf7 b4 54. Kg6 b3 55. Kf5 b2 56. Kxg4 b1=Q 57. Kh4 Kd4 58. Kg4 Ke4 59. Kh4
Kf3 60. Kh3 Qh1# 0-1

[Event "Scarborough CC Jack Frost U1700"]
[Site "Toronto CAN"]
[Date "2010.02.04"]
[Round "5"]
[White "Vyravanathan, Sobiga"]
[Black "Graham, John"]
[Result "1-0"]
[WhiteElo "1116"]
[BlackElo "1438"]
[PlyCount "136"]
[EventDate "2010.01.07"]
[EventType "swiss"]
[EventRounds "6"]
[EventCountry "CAN"]

1. e4 c5 2. Nf3 Nc6 3. d4 e6 4. d5 exd5 5. exd5 Qe7+ 6. Be2 Ne5 7. O-O d6 8.
Bb5+ Bd7 9. Bxd7+ Qxd7 10. Re1 f6 11. Nc3 O-O-O 12. a3 Ne7 13. b4 g6 14. b5 Bg7
15. a4 f5 16. Ng5 h6 17. Ne6 Nxd5 18. Qxd5 Rde8 19. Nxg7 Nf3+ 20. gxf3 Rxe1+
21. Kg2 Re5 22. Qd3 Qxg7 23. Bf4 Re6 24. a5 Qf6 25. b6 a6 26. Rd1 Rd8 27. Rd2
g5 28. Be3 f4 29. Nd5 Qf8 30. Nc7 Re7 31. Nd5 fxe3 32. Nxe7+ Qxe7 33. Qxe3 Qe5
34. Qe4 Qf6 35. Qg4+ Rd7 36. Re2 Kd8 37. Qc4 Qf8 38. Qe6 d5 39. Qe5 Rd6 40. Rd2
Qf6 41. Qxf6+ Rxf6 42. Rxd5+ Ke7 43. Rxc5 Kd8 44. Kg3 Rf4 45. Rc7 Ra4 46. Rxb7
Rxa5 47. c4 Rc5 48. Ra7 Kc8 49. b7+ Kb8 50. Rxa6 Kxb7 51. Rxh6 Rxc4 52. Rg6 Kc7
53. Rxg5 Kd7 54. Rg6 Ke7 55. h4 Rc1 56. Kg2 Rc5 57. Rg3 Kf6 58. Rh3 Kg7 59.
Rg3+ Kh6 60. f4 Kh5 61. Kf3 Rc3+ 62. Kg2 Rc4 63. f5 Rf4 64. Rf3 Rxh4 65. f6
Rg4+ 66. Kf1 Rg8 67. Ke1 Rf8 68. Kd2 Kg6 1-0

[Event "Scarborough CC Jack Frost U1700"]
[Site "Toronto CAN"]
[Date "2010.02.11"]
[Round "6"]
[White "Al Ganabi, Zaidun"]
[Black "Rogers, Michael"]
[Result "1/2-1/2"]
[WhiteElo "1420"]
[BlackElo "1450"]
[PlyCount "38"]
[EventDate "2010.01.07"]
[EventType "swiss"]
[EventRounds "6"]
[EventCountry "CAN"]

1. d4 Nf6 2. c4 e6 3. Nf3 Ne4 4. Nbd2 Bb4 5. a3 Bxd2+ 6. Bxd2 b6 7. Bf4 Bb7 8.
e3 O-O 9. Bd3 f5 10. Qb3 d6 11. Rc1 Nd7 12. c5 dxc5 13. Bxe4 Bxe4 14. Qxe6+ Kh8
15. Ng5 Qe8 16. O-O Rf6 17. Qxe8+ Rxe8 18. Nxe4 fxe4 19. dxc5 Nxc5 1/2-1/2

[Event "Scarborough CC Jack Frost U1700"]
[Site "Toronto CAN"]
[Date "2010.02.11"]
[Round "6"]
[White "Dattani, Dinesh"]
[Black "Vyravanathan, Sobiga"]
[Result "0-1"]
[WhiteElo "1407"]
[BlackElo "1116"]
[PlyCount "75"]
[EventDate "2010.01.07"]
[EventType "swiss"]
[EventRounds "6"]
[EventCountry "CAN"]

1. e4 e5 2. Nf3 Nc6 3. d4 exd4 4. Nxd4 Nxd4 5. Qxd4 Nf6 6. e5 Ng8 7. Nc3 Ne7 8.
Bg5 Nc6 9. Qe3 Be7 10. Nd5 Bxg5 11. Nxc7+ Qxc7 12. Qxg5 Qxe5+ 13. Qxe5+ Nxe5
14. O-O-O O-O 15. Bb5 a6 16. Ba4 b5 17. Bb3 Bb7 18. f3 Bc6 19. h4 a5 20. a3
Nxf3 21. Rh3 Ne5 22. Re3 Rfe8 23. Rde1 d6 24. Rd1 a4 25. Ba2 Rad8 26. g3 Ng4
27. Rc3 Ba8 28. Rc7 d5 29. Rf1 Nf6 30. Rf5 Re1+ 31. Kd2 Ra1 32. g4 Rxa2 33. g5
Ne4+ 34. Kd3 Rf8 35. h5 g6 36. hxg6 hxg6 37. Re5 Ra1 38. Ree7 0-1

[Event "Scarborough CC Jack Frost U1700"]
[Site "Toronto CAN"]
[Date "2010.02.11"]
[Round "6"]
[White "Graham, John"]
[Black "Farrant, David"]
[Result "1/2-1/2"]
[WhiteElo "1438"]
[BlackElo "1456"]
[PlyCount "104"]
[EventDate "2010.01.07"]
[EventType "swiss"]
[EventRounds "6"]
[EventCountry "CAN"]

1. e4 c5 2. Nf3 e6 3. Nc3 d5 4. exd5 exd5 5. d4 Nf6 6. Be3 c4 7. Be2 Bb4 8. O-O
O-O 9. Ne5 Nc6 10. Bf3 Be6 11. Ne2 Bd6 12. Nxc6 bxc6 13. c3 Qd7 14. Ng3 Qb7 15.
b3 cxb3 16. axb3 Ng4 17. Bxg4 Bxg4 18. f3 Be6 19. Bf2 Qc7 20. b4 a5 21. bxa5
Rxa5 22. Qe2 Bc8 23. Rfb1 Ba6 24. Qc2 Bc4 25. Ra4 Re8 26. Rba1 Rxa4 27. Rxa4 f6
28. Qd1 Qb6 29. Ra1 Bxg3 30. Bxg3 Re2 31. Ra8+ Kf7 32. Rb8 Qa6 33. Qb1 Ra2 34.
Qb7+ Qxb7 35. Rxb7+ Kg6 36. Bd6 Rc2 37. Bb4 Rc1+ 38. Kf2 Rb1 39. Rb6 Rb2+ 40.
Kg3 Bf1 41. h4 Rxg2+ 42. Kf4 Bb5 43. Rb7 Kh5 44. Kf5 Bd3+ 45. Ke6 Re2+ 46. Kd6
Bb5 47. Rxg7 Kxh4 48. Rxh7+ Kg3 49. Rf7 Re3 50. Rxf6 Rxf3 51. Rg6+ Kf4 52. Kc5
Re3 1/2-1/2

[Event "Scarborough CC Jack Frost U1700"]
[Site "Toronto CAN"]
[Date "2010.02.11"]
[Round "6"]
[White "Pishdad, Hassan"]
[Black "Al Ganabi, Yasir"]
[Result "0-1"]
[WhiteElo "1442"]
[BlackElo "1316"]
[PlyCount "83"]
[EventDate "2010.01.07"]
[EventType "swiss"]
[EventRounds "6"]
[EventCountry "CAN"]

1. e4 e5 2. Nf3 Nc6 3. Nc3 a6 4. Be2 Nf6 5. d4 exd4 6. Nxd4 Nxd4 7. Qxd4 d6 8.
Bg5 Be7 9. O-O O-O 10. Rfe1 c5 11. Qd3 h6 12. Bf4 Re8 13. Rad1 Qb6 14. b3 Rd8
15. Na4 Qc6 16. Bf3 Ra7 17. Qe3 Bg4 18. Bxg4 Nxg4 19. Qg3 Nf6 20. Bxh6 Bf8 21.
Bg5 Be7 22. Nc3 b5 23. Bxf6 Bxf6 24. Nd5 Be5 25. Qxe5 dxe5 26. Ne7+ Rxe7 27.
Rxd8+ Kh7 28. Re3 Re8 29. Rd1 a5 30. f3 c4 31. Rc3 b4 32. Rxc4 Qb6+ 33. Kh1 Rd8
34. Rf1 Rd2 35. h4 Qa6 36. Kg1 a4 37. c3 bxc3 38. Rxc3 Rxa2 39. bxa4 Qxa4 40.
Rfc1 Qd4+ 41. Kh2 Qf2 42. Rg1 0-1

[Event "Scarborough CC Jack Frost U1700"]
[Site "Toronto CAN"]
[Date "2010.02.11"]
[Round "6"]
[White "Super, Russell"]
[Black "Teram, Eli"]
[Result "1-0"]
[WhiteElo "1474"]
[BlackElo "1414"]
[PlyCount "62"]
[EventDate "2010.01.07"]
[EventType "swiss"]
[EventRounds "6"]
[EventCountry "CAN"]

1. e4 e5 2. Nf3 Nc6 3. Bb5 Nd4 4. Nxd4 exd4 5. d3 c6 6. Bc4 b5 7. Bb3 a5 8. a4
b4 9. Nd2 Nf6 10. Nf3 c5 11. Bg5 Be7 12. O-O Qc7 13. Qd2 Ba6 14. Rfe1 Rd8 15.
e5 Ng8 16. Bxe7 Nxe7 17. Ng5 O-O 18. Re4 d5 19. exd6 Rxd6 20. Rae1 Nf5 21. Nxf7
c4 22. Nxd6 Nxd6 23. Re7 Qc6 24. Qg5 Nf5 25. dxc4 Bxc4 26. Bxc4+ Qxc4 27. Re8
Qxc2 28. Rxf8+ Kxf8 29. Qd8+ Kf7 30. Qe8+ Kf6 31. Qe6+ Kg5 1-0